000
00295nam a22001337a 4500
008
181224b xxu||||| |||| 00| 0 eng d
020
_a
9780534246365
041
_a
eng
080
_2
9th
_a
510
100
_a
36
101
_a
MAT
245
_a
Modern Mathematics
_c
Wheeler,R.E
942
_2
udc
_c
BK
999
_c
53718
_d
53718